Eight-sided Countries Quiz Stats

Quiz not verified by Sporcle

Challenge
Share
Tweet
Uploaded with ImageShack.us
Score 0/25 Timer 04:00
0 Plays Today
No. Country % Correct
1.Egypt
95.9%
3.Chile
87.1%
5.Italy
85.9%
18.Cuba
81.2%
6.New Zealand
80%
22.Mexico
78.8%
8.Somalia
78.2%
20.Japan
75.9%
14.Cyprus
65.9%
16.Vietnam
64.1%
24.Thailand
57.6%
10.Croatia
51.2%
15.Austria
49.4%
No. Country % Correct
13.Portugal
48.2%
7.Peru
46.5%
23.Zambia
44.7%
17.United Kingdom
44.1%
2.Finland
43.5%
9.Oman
42.4%
4.Canada
38.8%
11.Morocco
38.8%
19.Iceland
32.4%
12.Malaysia
29.4%
21.Afghanistan
29.4%
25.Kyrgyzstan
19.4%

You're not logged in!

Compare scores with friends on all Sporcle quizzes.
Sign Up with Email
OR
Log In

You Might Also Like...

Show Comments

Extras

Top Quizzes Today


Score Distribution

Your Account Isn't Verified!

In order to create a playlist on Sporcle, you need to verify the email address you used during registration. Go to your Sporcle Settings to finish the process.

Report this User

Report this user for behavior that violates our Community Guidelines.

Details: